000 01003nam a2200301Ia 4500
003 OSt
005 20221006160459.0
006 a|||||r|||| 00| 0
007 ta
008 221006b |||||||| |||| 00| 0 eng d
020 _a9788993739411
_cW20,000
024 _a45,282
037 _bGift, KCC (window on Korea)
_cTextual
040 _aEASL
_cEASL
_beng
041 _2eng
_aeng
082 _aV41:19495,(W:5), Q4
100 _aYoon Yeo- Sang etc.
_9673813
245 0 _aNorth Korean defectors in China
_b Forced repatriation and human rights violations
260 _aSeoul
_bDatabse Center for North Korean Human Rights
_c2014
300 _a267p.
_ccm.
490 _v KEL
650 _a KEL
650 _a Korea - Human rights in China
_9673814
650 _a Korea - Living Conditions in China
_9673815
650 _aKorea - China policy
_9673816
942 _hV41:19495,(W:5), Q4
_cTEXL
_2CC
999 _c1113374
_d1113374